| 000 | 00528nam a2200181Ia 4500 | ||
|---|---|---|---|
| 008 | 151018s9999 xx 000 0 und d | ||
| 082 |
_bRBASDV61714 _a891.431 |
||
| 100 | _aसुदर्शन भाटीया | ||
| 245 | _aसार्थक | ||
| 250 | _b1 | ||
| 260 |
_bजागृती _c2012 |
||
| 300 | _a184 | ||
| 600 | _aसुदर्शन भाटीया | ||
| 630 | _aसार्थक | ||
| 700 | _aसुदर्शन भाटीया | ||
| 730 | _aसार्थक | ||
| 942 | _cBOOK | ||
| 999 |
_c1054966 _d1054963 |
||